000 00303nim a22001217a 4500
005 20160209151529.0
008 160208b xxu||||| |||| 00| 0 spa d
041 _aspa
100 _aTaylor, John B
_92980
245 _aBussiness English
300 _a1 CD-ROM
_eBussiness English (428.3 T238b)
942 _cCD
999 _c7620
_d7620